000 00306nam a2200121Ia 4500
008 230411s9999 xx 000 0 und d
041 _aeng
082 _aX/613.7046/VAS/B04057
100 _aVaswani J P
245 _aLittle Book Of Yoga
260 _bSterling Publishers
_aNew Delhi
999 _c154830
_d154830